| 000 | 00933nam a2200217Ia 4500 | ||
|---|---|---|---|
| 003 | OSt | ||
| 005 | 20200819182039.0 | ||
| 008 | 191128s2003 ck ad gr 000 0 spa d | ||
| 040 |
_aCo-JMCR _cCo-JMCR |
||
| 041 | 0 | _aspa | |
| 082 | 0 | 4 |
_a368.4 / _bD266q _223 |
| 110 | 2 |
_aColombia. Departamento Nacional de Planeación _94087 |
|
| 245 | 1 | 0 |
_aQuién se beneficia del SISBEN ? : _bevaluación integral / _cDepartamento Nacional de Planeación |
| 260 |
_aBogotá : _bDepartamento Nacional de Planeación, _c2003. |
||
| 300 |
_a183 páginas : _bgráficos a blanco y negro ; _c28 cm. |
||
| 505 | 0 | _aOrdenamiento constitucional y legal -- El objetivode lucha contra la pobreza y la desgualdad -- El gasto público -- La focalización -- Implantación de la política de focalización individual | |
| 650 | 2 | 4 |
_aSistemas de identificación _98966 |
| 650 | 2 | 4 |
_aSeguridad social salud _98967 |
| 650 | 2 | 4 |
_aSubsidios _98968 |
| 942 |
_2ddc _cBK |
||
| 999 |
_c6035 _d6035 |
||